00545cam a22002051 4500001001300000003000400013005001700017008004100034010001700075035002000092040002700112042001200139050001500151100003300166245002500199260005800224300002400282650001600306999001700322sg 46000159 DLC20260227112749.0820608s1945 pau 000 0 eng  asg 46000159  a(OCoLC)29154273 aDLCcMnU-BdOCoLCdDLC apremarc00aRC601b.C21 aCampbell, John Duval,d1904-10aEveryday psychiatry, aPhiladelphia, [etc.]bJ.B. Lippincott companyc[1945] axiv, 333 p.c24 cm. 0aPsychiatry. c90772d90772